[Event "EU-ch Blitz"]
[Site "Zagreb"]
[Date "2023.12.16"]
[Round "3"]
[White "Pultinevicius, Paulius"]
[Black "Spalir, Jernej"]
[Result "1-0"]
[WhiteElo "2584"]
[BlackElo "2354"]
[PlyCount "65"]
[EventDate "2023.12.16"]
[EventType "swiss (blitz)"]
[EventRounds "13"]
[EventCountry "CRO"]
[SourceTitle "CB51_2023"]
[SourceDate "2023.12.20"]
[SourceVersion "1"]
[SourceVersionDate "2023.12.20"]
[SourceQuality "1"]

1. d4 d5 2. c4 e6 3. Nc3 Nf6 4. cxd5 exd5 5. Bg5 c6 6. e3 h6 7. Bh4 Be7 8. Bd3 Nbd7 9. Nge2 Nh5 10. Bxe7 Qxe7 11. g4 Nhf6 12. Ng3 g6 13. h3 Nb6 14. Qc2 Bd7 15. 0-0-0 0-0-0 16. Kb1 Kb8 17. Rde1 h5 18. g5 Ne8 19. h4 Nd6 20. f3 Rhe8 21. e4 dxe4 22. fxe4 Bg4 23. Qf2 Qc7 24. Rc1 Qd7 25. Rhf1 Re7 26. Qf4 Ka8 27. Rf2 Ne8 28. Nge2 Nc7 29. Bc2 Ne6 30. Qf6 Nc4 31. d5 cxd5 32. exd5 Nc5 33. Qd4 1-0

[Event "EU-ch Rapid"]
[Site "Zagreb"]
[Date "2023.12.15"]
[Round "8"]
[White "Spalir, Jernej"]
[Black "Stankovic, Milos"]
[Result "1/2-1/2"]
[WhiteElo "2354"]
[BlackElo "2460"]
[PlyCount "75"]
[EventDate "2023.12.14"]
[EventType "swiss (rapid)"]
[EventRounds "11"]
[EventCountry "CRO"]
[SourceTitle "CB51_2023"]
[SourceDate "2023.12.20"]
[SourceVersion "1"]
[SourceVersionDate "2023.12.20"]
[SourceQuality "1"]

1. d4 Nf6 2. c4 e6 3. Nf3 c5 4. d5 d6 5. Nc3 exd5 6. cxd5 g6 7. Bf4 Bg7 8. Qa4+ Bd7 9. Qb3 0-0 10. Bxd6 Ba4 11. Qxa4 Qxd6 12. Rd1 Nbd7 13. Qb3 Nb6 14. e3 Rfc8 15. Bc4 a6 16. a4 Nfd7 17. 0-0 Nxc4 18. Qxc4 Nb6 19. Qh4 c4 20. e4 Re8 21. e5 Bxe5 22. Nxe5 Qxe5 23. a5 Nc8 24. Qxc4 Nd6 25. Qd4 Rac8 26. Qxe5 Rxe5 27. Rfe1 Rxe1+ 28. Rxe1 Kf8 29. Kf1 Rc5 30. Ne4 Nxe4 31. Rxe4 Rxd5 32. Rb4 Rxa5 33. Rxb7 h5 34. h4 Re5 35. Rb6 a5 36. b4 axb4 37. Rxb4 Kg7 38. g3 1/2-1/2

[Event "EU-ch Rapid"]
[Site "Zagreb"]
[Date "2023.12.14"]
[Round "3"]
[White "Pezelj, Novak"]
[Black "Spalir, Jernej"]
[Result "0-1"]
[WhiteElo "2481"]
[BlackElo "2354"]
[PlyCount "71"]
[EventDate "2023.12.14"]
[EventType "swiss (rapid)"]
[EventRounds "11"]
[EventCountry "CRO"]
[SourceTitle "CB51_2023"]
[SourceDate "2023.12.20"]
[SourceVersion "1"]
[SourceVersionDate "2023.12.20"]
[SourceQuality "1"]

1. e4 e5 2. Nc3 Nf6 3. d4 exd4 4. Qxd4 Nc6 5. Qa4 Bc5 6. Bd3 0-0 7. Nf3 d5 8. Bg5 dxe4 9. Nxe4 Bb4+ 10. Kf1 Be7 11. Nxf6+ Bxf6 12. Qh4 h6 13. Bxf6 Qxf6 14. Qxf6 gxf6 15. a3 Bg4 16. h3 Bxf3 17. gxf3 Nd4 18. f4 Rfe8 19. Rg1+ Kf8 20. Rg3 Ne6 21. Rg4 Rad8 22. Re1 Nd4 23. Re3 f5 24. Rgg3 Ne6 25. Bxf5 Nxf4 26. Rxe8+ Rxe8 27. Rf3 Ne6 28. Rc3 c6 29. Rd3 Ke7 30. b4 Rg8 31. h4 a5 32. b5 cxb5 33. Rd5 b4 34. axb4 axb4 35. Rb5 Kf6 36. Bxe6 0-1

[Event "EU-ch Rapid"]
[Site "Zagreb"]
[Date "2023.12.14"]
[Round "4"]
[White "Spalir, Jernej"]
[Black "Hellers, Ferdinand"]
[Result "1/2-1/2"]
[WhiteElo "2354"]
[BlackElo "2595"]
[PlyCount "118"]
[EventDate "2023.12.14"]
[EventType "swiss (rapid)"]
[EventRounds "11"]
[EventCountry "CRO"]
[SourceTitle "CB51_2023"]
[SourceDate "2023.12.20"]
[SourceVersion "1"]
[SourceVersionDate "2023.12.20"]
[SourceQuality "1"]

1. d4 Nf6 2. c4 g6 3. Nc3 Bg7 4. Nf3 0-0 5. g3 c6 6. Bg2 d5 7. cxd5 cxd5 8. Ne5 e6 9. 0-0 Nfd7 10. Nf3 Nc6 11. Bf4 Nf6 12. Ne5 Bd7 13. Rc1 Nxe5 14. Bxe5 Bc6 15. b4 Ne4 16. Bxe4 dxe4 17. Bxg7 Kxg7 18. Qd2 Rc8 19. Rfd1 Qb6 20. b5 Bd5 21. Qf4 f6 22. Nxe4 Rxc1 23. Rxc1 Qxd4 24. Rc7+ Kg8 25. Nc3 Qxf4 26. gxf4 Rf7 27. Rc8+ Rf8 28. Rc5 b6 29. Rc7 Rf7 30. Rc8+ Rf8 31. Nxd5 exd5 32. Rc6 Kg7 33. Rd6 Re8 34. e3 Re4 35. Rd7+ Kh6 36. Rxa7 Rb4 37. a4 d4 38. Kf1 dxe3 39. fxe3 Rb2 40. Ra6 Ra2 41. h3 f5 42. Rxb6 Rxa4 43. Rb7 Ra2 44. Ke1 Rb2 45. h4 Kh5 46. Rxh7+ Kg4 47. Rg7 Kf3 48. Rxg6 Kxe3 49. Re6+ Kxf4 50. b6 Kg4 51. Rh6 f4 52. Kd1 f3 53. Ke1 Kg3 54. Rg6+ Kxh4 55. Kf1 Kh3 56. Rh6+ Kg3 57. Rg6+ Kf4 58. Rf6+ Ke5 59. Rxf3 Rxb6 1/2-1/2

[Event "Titled Tuesday intern op 14th Nov Early"]
[Site "Chess.com INT"]
[Date "2023.11.14"]
[Round "4"]
[White "Spichkin, Alexander"]
[Black "Spalir, Jernej"]
[Result "1-0"]
[WhiteElo "2035"]
[BlackElo "2354"]
[PlyCount "31"]
[EventDate "2023.11.14"]
[EventType "swiss (blitz)"]
[EventRounds "11"]
[EventCountry "USA"]
[SourceTitle "CB47_2023"]
[SourceDate "2023.11.22"]
[SourceVersion "1"]
[SourceVersionDate "2023.11.22"]
[SourceQuality "1"]

1. f4 Nf6 2. Nf3 d5 3. e3 c5 4. b3 e6 5. Bb2 Be7 6. Bd3 Nc6 7. 0-0 0-0 8. Ne5 Qc7 9. Rf3 Nb4 10. Be2 Nd7 11. Rh3 f6 12. Nxd7 Bxd7 13. a3 Nc6 14. Bd3 g6 15. Rxh7 f5 16. Rg7+ 1-0

[Event "Titled Tuesday intern op 14th Nov Early"]
[Site "Chess.com INT"]
[Date "2023.11.14"]
[Round "6"]
[White "Wu, Derek"]
[Black "Spalir, Jernej"]
[Result "0-1"]
[WhiteElo "2255"]
[BlackElo "2354"]
[PlyCount "70"]
[EventDate "2023.11.14"]
[EventType "swiss (blitz)"]
[EventRounds "11"]
[EventCountry "USA"]
[SourceTitle "CB47_2023"]
[SourceDate "2023.11.22"]
[SourceVersion "1"]
[SourceVersionDate "2023.11.22"]
[SourceQuality "1"]

1. d4 d5 2. Nc3 Nf6 3. Bf4 g6 4. e3 Bg7 5. h4 h5 6. Nf3 Bg4 7. Qd2 c5 8. Ne5 Be6 9. dxc5 0-0 10. 0-0-0 Qa5 11. Qd4 Ng4 12. Nxd5 Nd7 13. Nxe7+ Kh7 14. Bc4 Ndxe5 15. Bxe6 fxe6 16. Kb1 Nc6 17. Qd7 Nxe7 18. Qxe7 Rae8 19. Qxb7 e5 20. Bg3 Rb8 21. Qe7 Qc3 22. b3 a5 23. Rd3 Qb4 24. Rd7 Rg8 25. f3 Rbe8 26. Qf7 Nxe3 27. Rd6 Rgf8 28. Qxg6+ Kg8 29. Rd7 Nf5 30. Rhd1 Qxc5 31. Be1 Rc8 32. c4 Qc6 33. Qxh5 Qf6 34. Qg4 e4 35. Qxe4 Qb2# 0-1

[Event "Titled Tuesday intern op 09th May Early"]
[Site "Chess.com INT"]
[Date "2023.05.09"]
[Round "7"]
[White "Spalir, Jernej"]
[Black "Schut, Han"]
[Result "1-0"]
[WhiteElo "2366"]
[BlackElo "2101"]
[PlyCount "73"]
[EventDate "2023.05.09"]
[EventType "swiss (blitz)"]
[EventRounds "11"]
[EventCountry "USA"]
[SourceTitle "CBM 214 Extra"]
[Source "ChessBase"]
[SourceDate "2023.07.31"]
[SourceVersion "1"]
[SourceVersionDate "2023.07.31"]
[SourceQuality "1"]

1. d4 Nf6 2. c4 g6 3. f3 Nc6 4. e4 e5 5. d5 Nd4 6. Ne2 c5 7. Nxd4 cxd4 8. Bd3 Bg7 9. 0-0 0-0 10. c5 b6 11. b4 a5 12. Ba3 axb4 13. Bxb4 bxc5 14. Bxc5 d6 15. Bb4 Ba6 16. Bxa6 Rxa6 17. Nd2 Qa8 18. Qb3 Rb8 19. a3 Nd7 20. Nc4 Bf8 21. Rab1 f5 22. Qc2 f4 23. Qd2 Rc8 24. Na5 g5 25. Rfc1 Rxc1+ 26. Rxc1 Nc5 27. Rb1 h6 28. h4 Kg7 29. hxg5 hxg5 30. Nc6 Kg6 31. Kf2 Bg7 32. Qe2 Qh8 33. Bxc5 Qh4+ 34. Kg1 dxc5 35. Qxa6 Kh5 36. Ne7 g4 37. Qg6# 1-0

[Event "AUT-chT 2223"]
[Site "Austria"]
[Date "2023.04.13"]
[Round "9.4"]
[White "Spalir, Jernej"]
[Black "Kreisl, Robert"]
[Result "1/2-1/2"]
[WhiteElo "2378"]
[BlackElo "2315"]
[PlyCount "60"]
[EventDate "2022.11.03"]
[EventType "team-tourn"]
[EventRounds "11"]
[EventCountry "AUT"]
[SourceTitle "EXT 2024"]
[Source "ChessBase"]
[SourceDate "2023.10.10"]
[SourceVersion "1"]
[SourceVersionDate "2023.10.10"]
[SourceQuality "1"]
[WhiteTeam "Raika Feffernitz"]
[BlackTeam "Maria Saal"]
[WhiteTeamCountry "AUT"]
[BlackTeamCountry "AUT"]

1. d4 Nf6 2. c4 e6 3. Nf3 d5 4. Nc3 c5 5. cxd5 cxd4 6. Qxd4 exd5 7. e4 dxe4 8. Qxd8+ Kxd8 9. Ng5 Be6 10. Nxe6+ fxe6 11. Bg5 Nc6 12. Bc4 Ke7 13. 0-0 Kf7 14. Rad1 Be7 15. Bxf6 gxf6 16. Nxe4 Rhd8 17. Rfe1 Rxd1 18. Rxd1 Rd8 19. Rxd8 Nxd8 20. Kf1 f5 21. Ng3 Kf6 22. f4 Bd6 23. Ne2 Nc6 24. g3 Bc5 25. Kg2 Nd4 26. Nxd4 Bxd4 27. b3 e5 28. fxe5+ Kxe5 29. Kf3 h6 30. a4 a5 1/2-1/2

[Event "AUT-chT2M 2223"]
[Site "Austria"]
[Date "2023.03.03"]
[Round "7.1"]
[White "Spalir, Jernej"]
[Black "Kravanja, Georg"]
[Result "1-0"]
[WhiteElo "2369"]
[BlackElo "2204"]
[PlyCount "68"]
[EventDate "2022.09.30"]
[EventType "team-tourn"]
[EventRounds "11"]
[EventCountry "AUT"]
[SourceTitle "CBM 213 Extra"]
[Source "ChessBase"]
[SourceDate "2023.05.31"]
[SourceVersion "1"]
[SourceVersionDate "2023.05.31"]
[SourceQuality "1"]
[WhiteTeam "Raika Feffernitz II"]
[BlackTeam "Graz Schachfreunde"]
[WhiteTeamCountry "AUT"]
[BlackTeamCountry "AUT"]

1. d4 Nf6 2. c4 g6 3. f3 d5 4. cxd5 Nxd5 5. e4 Nb6 6. Nc3 Bg7 7. Be3 0-0 8. Qd2 Nc6 9. 0-0-0 f5 10. e5 Nb4 11. Kb1 a5 12. Nh3 Be6 13. Nf4 Bc4 14. Bxc4+ Nxc4 15. Qe2 Nxe3 16. Qxe3 Bh6 17. d5 Qd7 18. h4 e6 19. h5 Bxf4 20. Qxf4 Nxd5 21. Nxd5 exd5 22. hxg6 hxg6 23. e6 Qg7 24. Rxd5 Rad8 25. Qc4 Rxd5 26. Qxd5 Qe7 27. Qxb7 Kg7 28. Rc1 Qxe6 29. Qxc7+ Rf7 30. Qxa5 Qe2 31. Qc3+ Kh6 32. Qh8+ Kg5 33. f4+ Kxf4 34. Qh4+ Ke5 1-0

[Event "EU-ch Rapid"]
[Site "Katowice"]
[Date "2022.12.18"]
[Round "11"]
[White "Spalir, Jernej"]
[Black "Krivenko, Dion"]
[Result "0-1"]
[WhiteElo "2377"]
[BlackElo "2141"]
[PlyCount "66"]
[EventDate "2022.12.17"]
[EventType "swiss (rapid)"]
[EventRounds "11"]
[EventCountry "POL"]
[SourceTitle "CBM 211 Extra"]
[Source "ChessBase"]
[SourceDate "2023.01.31"]
[SourceVersion "1"]
[SourceVersionDate "2023.01.31"]
[SourceQuality "1"]

1. d4 Nf6 2. c4 g6 3. Nc3 Bg7 4. Nf3 0-0 5. g3 d6 6. Bg2 Nbd7 7. 0-0 e5 8. e4 c6 9. h3 Qa5 10. Rb1 exd4 11. Nxd4 Ne5 12. b4 Qc7 13. Qe2 a6 14. f4 Ned7 15. Be3 Re8 16. Rfd1 c5 17. bxc5 Nxc5 18. Ndb5 axb5 19. Nxb5 Qe7 20. Nxd6 Ncxe4 21. Nxe8 Qxe8 22. Bb6 Bd7 23. Re1 Bc6 24. g4 Nc3 25. Qd3 Nfe4 26. Rb3 Rxa2 27. Bf3 f5 28. Qe3 Qd7 29. Rc1 Nd2 30. Bxc6 Qxc6 31. Rbxc3 Bxc3 32. Rxc3 Nxc4 33. Qf3 Qxb6+ 0-1

[Event "EU-ch Rapid"]
[Site "Katowice"]
[Date "2022.12.17"]
[Round "6"]
[White "Ivanov, Taras"]
[Black "Spalir, Jernej"]
[Result "0-1"]
[WhiteElo "1716"]
[BlackElo "2377"]
[PlyCount "72"]
[EventDate "2022.12.17"]
[EventType "swiss (rapid)"]
[EventRounds "11"]
[EventCountry "POL"]
[SourceTitle "CBM 211 Extra"]
[Source "ChessBase"]
[SourceDate "2023.01.31"]
[SourceVersion "1"]
[SourceVersionDate "2023.01.31"]
[SourceQuality "1"]

1. d4 d5 2. g3 Nf6 3. Bg2 c6 4. Nf3 Bg4 5. c4 dxc4 6. 0-0 e6 7. Ne5 Bh5 8. Nxc4 Be7 9. Nc3 0-0 10. Bf4 Nd5 11. Qd2 Nd7 12. Bd6 N7b6 13. Nxb6 axb6 14. Bxe7 Qxe7 15. Nxd5 exd5 16. e3 b5 17. b4 Ra3 18. Rfb1 Rfa8 19. Rb2 Bg6 20. Bf1 h5 21. h4 Be4 22. Qe2 g6 23. Qd1 Qf6 24. Bg2 Bf5 25. Bf1 Kg7 26. Qd2 g5 27. hxg5 Qxg5 28. Bg2 Qg6 29. Rc1 h4 30. gxh4 Be4 31. f4 Qg3 32. Rc3 Kf6 33. Rxa3 Rxa3 34. Rb3 Ra8 35. Kf1 Rg8 36. Rb2 Qh2 0-1

[Event "EU-ch Rapid"]
[Site "Katowice"]
[Date "2022.12.17"]
[Round "4"]
[White "Sebenik, Matej"]
[Black "Spalir, Jernej"]
[Result "1-0"]
[WhiteElo "2538"]
[BlackElo "2377"]
[PlyCount "75"]
[EventDate "2022.12.17"]
[EventType "swiss (rapid)"]
[EventRounds "11"]
[EventCountry "POL"]
[SourceTitle "CBM 211 Extra"]
[Source "ChessBase"]
[SourceDate "2023.01.31"]
[SourceVersion "1"]
[SourceVersionDate "2023.01.31"]
[SourceQuality "1"]

1. d4 d5 2. Nf3 Nf6 3. Bf4 e6 4. e3 c5 5. c3 Nc6 6. Nbd2 cxd4 7. exd4 Nh5 8. Be3 Bd6 9. Ne5 g6 10. Nd3 Ng7 11. g3 b6 12. Bg2 0-0 13. 0-0 Ba6 14. Nf3 Nf5 15. Bc1 Re8 16. Re1 Bf8 17. Nde5 Nxe5 18. dxe5 Bh6 19. Bxh6 Nxh6 20. Qd2 Kg7 21. h4 Rc8 22. Bh3 Bb7 23. Nd4 a6 24. Re3 Nf5 25. Bxf5 gxf5 26. Rf3 Kh8 27. Rf4 Rc4 28. Rd1 b5 29. Qe3 Rg8 30. Nf3 Qc7 31. Rfd4 Qe7 32. a3 Rg4 33. Rxg4 Rxg4 34. Rd4 Re4 35. Qh6 Kg8 36. Ng5 Re1+ 37. Kh2 Qc7 38. Nxh7 1-0

[Event "EU-ch Blitz"]
[Site "Katowice"]
[Date "2022.12.16"]
[Round "19"]
[White "Spalir, Jernej"]
[Black "Adamczewski, Maciej"]
[Result "0-1"]
[WhiteElo "2377"]
[BlackElo "2071"]
[PlyCount "106"]
[EventDate "2022.12.16"]
[EventType "swiss (blitz)"]
[EventRounds "22"]
[EventCountry "POL"]
[SourceTitle "CBM 211 Extra"]
[Source "ChessBase"]
[SourceDate "2023.01.31"]
[SourceVersion "1"]
[SourceVersionDate "2023.01.31"]
[SourceQuality "1"]

1. d4 Nf6 2. c4 g6 3. Nc3 Bg7 4. Nf3 0-0 5. g3 d6 6. Bg2 c5 7. 0-0 Nc6 8. d5 Na5 9. Nd2 a6 10. a4 Rb8 11. Qc2 Bd7 12. e4 b5 13. axb5 axb5 14. Re1 bxc4 15. Bf1 Ng4 16. Nxc4 Nb3 17. Ra2 Nxc1 18. Rxc1 Bd4 19. Nd1 Bb5 20. h3 Bxc4 21. Bxc4 Ne5 22. Be2 Qb6 23. Kg2 g5 24. Ne3 Bxe3 25. fxe3 Qb3 26. Qxb3 Rxb3 27. Kf2 Rfb8 28. Rc2 R8b4 29. h4 h6 30. Ra8+ Kg7 31. Re8 Rxe4 32. hxg5 hxg5 33. Rc3 Rxb2 34. Ra3 Kf6 35. Kf1 Reb4 36. Ra7 Ng6 37. Bd3 Ne5 38. Be2 Rb7 39. Rxb7 Rxb7 40. Kf2 Rc7 41. Bd1 c4 42. Bc2 c3 43. Ra8 Rb7 44. Ra3 Rc7 45. Ke2 Rc5 46. e4 g4 47. Ke3 Nf3 48. Ra7 Ne1 49. Ra2 Rb5 50. Ke2 Nxc2 51. Rxc2 Rb2 52. Kd3 Rxc2 53. Kxc2 Ke5 0-1

[Event "EU-ch Blitz"]
[Site "Katowice"]
[Date "2022.12.16"]
[Round "6"]
[White "Spalir, Jernej"]
[Black "Fortuny Profitos, Jordi"]
[Result "1-0"]
[WhiteElo "2377"]
[BlackElo "2111"]
[PlyCount "75"]
[EventDate "2022.12.16"]
[EventType "swiss (blitz)"]
[EventRounds "22"]
[EventCountry "POL"]
[SourceTitle "CBM 211 Extra"]
[Source "ChessBase"]
[SourceDate "2023.01.31"]
[SourceVersion "1"]
[SourceVersionDate "2023.01.31"]
[SourceQuality "1"]

1. d4 Nf6 2. c4 g6 3. Nc3 Bg7 4. Nf3 d6 5. g3 0-0 6. Bg2 Nc6 7. 0-0 a6 8. b3 Rb8 9. d5 Na5 10. Bg5 h6 11. Bd2 c5 12. dxc6 bxc6 13. Rc1 c5 14. h3 Bb7 15. Ne1 Bxg2 16. Nxg2 Nc6 17. Kh2 Kh7 18. f4 Qd7 19. Qc2 Nd4 20. Qd3 e5 21. e3 Nc6 22. Rcd1 Nb4 23. Qb1 exf4 24. exf4 d5 25. cxd5 Nbxd5 26. f5 g5 27. Nxd5 Qxd5 28. Bxg5 Qxd1 29. Rxd1 hxg5 30. Ne3 Rfe8 31. Re1 Rbd8 32. Qc1 Rd3 33. Ng2 Red8 34. Qxg5 Ne4 35. Rxe4 Rd2 36. Rh4+ Kg8 37. f6 Kf8 38. fxg7+ 1-0

[Event "EU-ch Blitz"]
[Site "Katowice"]
[Date "2022.12.16"]
[Round "15"]
[White "Spalir, Jernej"]
[Black "Polster, Christian"]
[Result "1-0"]
[WhiteElo "2377"]
[BlackElo "2235"]
[PlyCount "53"]
[EventDate "2022.12.16"]
[EventType "swiss (blitz)"]
[EventRounds "22"]
[EventCountry "POL"]
[SourceTitle "CBM 211 Extra"]
[Source "ChessBase"]
[SourceDate "2023.01.31"]
[SourceVersion "1"]
[SourceVersionDate "2023.01.31"]
[SourceQuality "1"]

1. d4 d5 2. c4 e6 3. Nc3 c6 4. Nf3 dxc4 5. g3 b5 6. Bg2 Bb7 7. 0-0 Nd7 8. a4 b4 9. Nb1 c5 10. Qc2 cxd4 11. Qxc4 Ngf6 12. Nbd2 Rc8 13. Qxd4 Bc5 14. Qh4 a5 15. Nb3 Bb6 16. Rd1 Qe7 17. Bf4 e5 18. Bg5 h6 19. Bh3 Rc7 20. Rac1 0-0 21. Rxc7 Bxc7 22. Rxd7 hxg5 23. Nxg5 Qe8 24. Rxc7 Ba8 25. Bf5 g6 26. Bxg6 fxg6 27. Qh6 1-0

[Event "EU-ch Blitz"]
[Site "Katowice"]
[Date "2021.12.17"]
[Round "5"]
[White "Batashevs, Arsens"]
[Black "Spalir, Jernej"]
[Result "1/2-1/2"]
[WhiteElo "2165"]
[BlackElo "2373"]
[PlyCount "109"]
[EventDate "2021.12.17"]
[EventType "swiss (blitz)"]
[EventRounds "22"]
[EventCountry "POL"]
[SourceTitle "CBM 205 Extra"]
[Source "ChessBase"]
[SourceDate "2022.01.31"]
[SourceVersion "1"]
[SourceVersionDate "2022.01.31"]
[SourceQuality "1"]

1. Nf3 d5 2. b3 Nf6 3. Bb2 Bf5 4. e3 e6 5. c4 h6 6. Nc3 c6 7. Be2 Nbd7 8. 0-0 Bd6 9. cxd5 exd5 10. Nd4 Bh7 11. f4 0-0 12. Kh1 c5 13. Nf3 a6 14. Rc1 Qe7 15. Re1 Rad8 16. a3 Rfe8 17. g3 Qe6 18. Kg2 Bf5 19. d4 Bh3+ 20. Kh1 Ng4 21. Qd2 Qxe3 22. Qxe3 Rxe3 23. Ne5 Bxe5 24. fxe5 cxd4 25. Nxd5 Rxb3 26. Bxd4 Ngxe5 27. Nf4 Bf5 28. Bd1 Rb5 29. a4 Ra5 30. Rc7 Nd3 31. Nxd3 Bxd3 32. Re7 Nf8 33. Bc3 Rf5 34. Bg4 Rf1+ 35. Kg2 Ng6 36. Red7 Rxd7 37. Rxd7 Bc4 38. Rc7 Bd3 39. Rxb7 Rc1 40. Rb8+ Kh7 41. Bd4 Rc2+ 42. Kg1 Be4 43. Rb2 Rxb2 44. Bxb2 Bd3 45. Kf2 f5 46. Bf3 Ne7 47. Ke3 Bf1 48. Kf2 Bc4 49. Ke3 Bd5 50. Be2 Bb7 51. Kd4 g5 52. Ke5 Kg6 53. h4 gxh4 54. gxh4 h5 55. Bd3 1/2-1/2

[Event "EU-ch Blitz"]
[Site "Katowice"]
[Date "2021.12.17"]
[Round "20"]
[White "Snihur, Piotr"]
[Black "Spalir, Jernej"]
[Result "0-1"]
[WhiteElo "2279"]
[BlackElo "2373"]
[PlyCount "78"]
[EventDate "2021.12.17"]
[EventType "swiss (blitz)"]
[EventRounds "22"]
[EventCountry "POL"]
[SourceTitle "CBM 205 Extra"]
[Source "ChessBase"]
[SourceDate "2022.01.31"]
[SourceVersion "1"]
[SourceVersionDate "2022.01.31"]
[SourceQuality "1"]

1. d4 Nf6 2. c4 e6 3. Nf3 d5 4. g3 dxc4 5. Qa4+ Nbd7 6. Qxc4 c5 7. dxc5 Bxc5 8. Bg2 0-0 9. 0-0 a6 10. a4 Qe7 11. Nc3 Nb6 12. Qb3 h6 13. Bd2 e5 14. a5 Be6 15. Qc2 Nc4 16. Bc1 Rac8 17. Nd2 Nd6 18. Qa4 Rfd8 19. e3 Ba7 20. Qa3 Qd7 21. Rd1 Nc4 22. Qa4 Qe7 23. Nxc4 Rxc4 24. Rxd8+ Qxd8 25. Qc2 Rc7 26. Bd2 Rd7 27. Be1 Bc4 28. Rd1 Rxd1 29. Qxd1 Qxa5 30. Bxb7 Qb6 31. Bg2 Qxb2 32. Ne4 Nxe4 33. Qd8+ Kh7 34. Bxe4+ g6 35. Qf6 Qa1 36. Bxg6+ fxg6 37. Qe7+ Kg8 38. Qd8+ Kg7 39. Qc7+ Bf7 0-1

[Event "EU-ch Blitz"]
[Site "Katowice"]
[Date "2021.12.17"]
[Round "6"]
[White "Spalir, Jernej"]
[Black "Batashevs, Arsens"]
[Result "1-0"]
[WhiteElo "2373"]
[BlackElo "2165"]
[PlyCount "49"]
[EventDate "2021.12.17"]
[EventType "swiss (blitz)"]
[EventRounds "22"]
[EventCountry "POL"]
[SourceTitle "CBM 205 Extra"]
[Source "ChessBase"]
[SourceDate "2022.01.31"]
[SourceVersion "1"]
[SourceVersionDate "2022.01.31"]
[SourceQuality "1"]

1. d4 g6 2. Nf3 Bg7 3. c4 c5 4. d5 d6 5. e4 Bg4 6. Be2 Nd7 7. 0-0 Bxf3 8. Bxf3 Bd4 9. Na3 e5 10. dxe6 fxe6 11. Nb5 Qb6 12. Bg4 Kf7 13. Bf4 Ne5 14. Nxd4 cxd4 15. c5 Qxc5 16. Rc1 Qb6 17. Bxe5 dxe5 18. Qa4 Nf6 19. Bh3 Rac8 20. f4 exf4 21. e5 Nd5 22. Qd7+ Ne7 23. Rxf4+ Kg8 24. Bxe6+ Kg7 25. Qxe7+ 1-0